000 00550nam a22002177a 4500
003 UA-OsUOA
001 41836
007 ta
008 20061016b un ||||| |||| 00| 0 ukr d
100 _aПанченко В.
090 _a94(477)
_bП-11
942 _cSA
040 _aUA-OsUOA
_bukr
_cUA-OsUOA
_dUA-OsUOA
245 _aМіська геральдика Полтави
300 _aС.26-27
955 _a0
041 _aukr
080 _a94(477)
773 0 _w41835
650 7 _a9 Географія. Біографії. Історія
_2UDC
999 _c327969
_d327969